000 00532nam a2200193Ia 4500
003 GCL
008 140319s9999 xx 000 0 eng d
040 _aGCL /
_cGCL
082 0 4 _a006.4
_bP P
100 1 _aMACY, ROBERT B
245 1 0 _aPATTERN RECOGNITION WITH NEURAL NETWORKS IN C++ /
_cMACY, ROBERT B
700 1 _aPANDYA, ABHIJIT
260 _a[S.N] :
_bCRC PRESS ،
_c1996
300 _a410 P
650 0 4 _aNEURAL NETWORKS
650 0 4 _aPATTERN RECOGNITION
650 0 4 _aC++(COMPUTER PROGRAM LANGUAGE)
942 _2ddc
_cBK
999 _c14359
_d14359